All Creatures in Ark: Survival Evolved & Ark Survival Ascended - Statistics

General Stats
  • This quiz has been taken 62 times
  • The average score is 95 of 227
Answer Stats
Map Taming Method Diet Answer % Correct
The Island Knockout Carnivore Rex
71%
The Island Knockout Sweet vegetable cake Achatina
68%
The Island - Alpha Untameable N/A Alpha Raptor
68%
The Island Knockout Carnivore Allosaurus
64%
The Island - Alpha Untameable N/A Alpha Mosasaur
64%
The Island Knockout Herbivore Brontosaurus
64%
The Island Knockout Carnivore Giganotosaurus
64%
The Island Knockout Carnivore Raptor
64%
The Island - Alpha Untameable N/A Alpha T-Rex
61%
The Island Knockout Carnivore Argentavis
61%
The Island Trap, Feed, Yeehaa Carnivore Carcharodontosaurus
61%
The Island Knockout Omnivore - Especially honey Direbear
61%
The Island Knockout Carnivore Direwolf
61%
The Island Knockout Herbivore Dodo
61%
The Island Knockout Carnivore Sabertooth
61%
The Island - Alpha Untameable N/A Alpha Carnotaurus
57%
The Island - Alpha Untameable N/A Alpha Megalodon
57%
The Island Knockout Herbivore Ankylosaurus
57%
The Island Passive Carnivore - Especially spoiled meat Araneo
57%
The Island Passive Carnivore - Especially broth of enlightenment Arthropluera
57%
The Island Knockout Carnivore Carnotaurus
57%
Valguero Steal egg and raise baby Carnivore Deinonychus
57%
The Island Knockout OR Passive Herbivore Diplodocus
57%
The Island Fish basket N/A Leech
57%
The Island Passive Herbivore - Especially sweet vegetable cake Ovis
57%
The Island Knockout - With explosives. Put saddle on it Cannot eat on regular server settings Titanosaur
57%
The Island - Alpha Untameable N/A Alpha Tusoteuthis
54%
Lost Island Sync temperature then hunt with it Herbivore Amargasaurus
54%
The Island Knockout Piscivore Baryonyx
54%
The Island Passive Carnivore Basilosaurus
54%
Additions Feed your own creature hemoglobin, let it beat on your creature until it gets drunk, then passive Carnivore Ceratosaurus
54%
The Island Passive Herbivore - Especially beer Chalicotherium
54%
The Island - Boss Untameable N/A Dragon
54%
Scorched Earth Steal egg and raise baby Carnivore - Needs wyvern milk Fire Wyvern
54%
The Island Knockout Herbivore Gallimimus
54%
The Island Knockout Carnivore Megalodon
54%
The Island Untameable N/A Meganeura
54%
The Island - Boss Untameable N/A Megapithecus
54%
The Island Knockout Herbivore Pachy
54%
The Island Knockout Herbivore Parasaur
54%
The Island Fish Basket N/A Sabertooth Salmon
54%
The Island Knockout Carnivore Yutyrannus
54%
The Island - Alpha Untameabl N/A Alpha Leedsichthys
50%
The Island Knockout Carnivore - Especially chitin Archaeopteryx
50%
The Island Untameable N/A Attack Drone
50%
Genesis Feed it your tames, let it grab you and eat bloodpacks from your inventory Carnivore Bloodstalker
50%
Aberration Passive Carnivore - Especially plant species Z seeds Bulbdog
50%
The Island Knockout Herbivore Carbonemys
50%
The Island Knockout Carnivore - Only high quality meats Compy
50%
The Island Untameable N/A Defense Unit
50%
The Island Passive - Rodeo Herbivore - Especially rockarrots Equus
50%
The Island Passive Herbivore Gigantopithecus
50%
The Island Sneak into nest and play with the baby Omnivore Gigantoraptor
50%
Scorched Earth Knockout Herbivore - Especially plant species Y seeds Jerboa
50%
Scorched Earth Steal egg and raise baby Carnivore - Needs wyvern milk Lightning Wyvern
50%
The Island Passive Herbivore - Especially rare flowers Lystrosaurus
50%
The Island Knockout Omnivore - Especially honey Megatherium
50%
The Island Knockout Carnivore - Especially eggs Oviraptor
50%
The Island Knockout Herbivore - Especially bug repellant Pachyrhinosaurus
50%
The Island Passive - Let them steal Herbivore Pegomastax
50%
The Island Fish Basket N/A Piranha
50%
Aberration Let a Reaper Queen impregnate you Carnivore Reaper King
50%
Aberration Steal egg and raise baby Carnivore - Needs nameless venom Rock Drake
50%
Scorched Earth Knockout - With explosives Sulfur, Clay & Stone Rock Elemental
50%
Aberration - Boss Untameable N/A Rockwell
50%
The Island Knockout Herbivore Stegosaurus
50%
The Island Passive - Let it kill your tames Carnivore Troodon
50%
The Island Passive - Let it grab your tames Carnivore - Especially black pearls Tusoteuthis
50%
Scorched Earth - Alpha Untameable N/A Alpha Deathworm
46%
The Island Untameable N/A Ammonite
46%
Fjordur Throw honey then rodeo it Carnivore Andrewsarchus
46%
The Island Knockout Carnivore Angler
46%
The Island Knockout Carnivore Beelzebufo
46%
Additions Wait for it to bask in the sun then sneak up and feed it Carnivore Deinosuchus
46%
Extinction Drop structures, tools or resources Pretty much everything that isn't food Gacha
46%
Ragnarok Knockout Carnivore Griffin
46%
The Island Knockout Carnivore Kaprosuchus
46%
Aberration Knockout - With cannons or catapults Carnivore - Especially spoiled meat Karkinos
46%
The Island Untameable N/A Leedsichthys
46%
Scorched Earth - Boss Untameable N/A Manticore
46%
The Island Knockout Carnivore Megalania
46%
The Island Knockout Herbivore Megaloceros
46%
The Island Knockout Carnivore Megalosaurus
46%
The Island Passive Omnivore - It picks Moschops
46%
The Island - Boss Untameable N/A Overseer
46%
The Island Knockout Piscivore Pelagornis
46%
Scorched Earth Light it on fire Sulfur Phoenix
46%
The Island Knockout Carnivore - Especially spoiled meat Pulmonoscorpius
46%
Genesis Part 2 Feed it fish baskets whilst it naps Carnivore Shadowmane
46%
The Island Knockout Carnivore Spinosaurus
46%
The Island Knockout Carnivore Tapejara
46%
The Island Knockout Herbivore Therizinosaurus
46%
The Island Drop eggs Carnivore Titanoboa
46%
The Island Untameable N/A Titanomyrma
46%
The Island Fish Basket N/A Trilobite
46%
Aberration - Alpha Untameable N/A Alpha Basilisk
43%
The Island - Boss Untameable N/A Broodmother Lysrix
43%
The Island Fish Basket N/A Coelacanth
43%
Scorched Earth Untameable N/A Deathworm
43%
The Island Knockout Carnivore Dilophosaur
43%
Fjordur Kill Fenrisulfr Carnivore Fenrir
43%
Fjordur Let it eat your kills Carnivore Fjordhawk
43%
The Island Destroy nest, passive Carnivore - Especially honey Giant Bee
43%
Aberration Passive Carnivore - Especially plant species Z seeds Glowtail
43%
The Island Passive - Drag fish Piscivore Hesperornis
43%
Extinction - Boss Destroy the corrupted nodes on its' body Cannot eat on regular server settings Ice Titan
43%
Ragnarok Steal egg and raise baby Carnivore - Needs wyvern milk Ice Wyvern
43%
The Island Knockout Herbivore Iguanodon
43%
The Island Knockout Carnivore Kairuku
43%
The Island Knockout Herbivore Kentrosaurus
43%
Extinction - Boss Untameable N/A King Titan
43%
Genesis Part 2 Knockout Omnivore Maewing
43%
The Island Knockout Herbivore Mammoth
43%
The Island Passive Carnivore - Especially Angler gel Manta
43%
Scorched Earth Passive Carnivore - Especially deathworm horns Mantis
43%
The Island Passive Herbivore Mesopithecus
43%
Scorched Earth Knockout Herbivore Morellatops
43%
The Island Passive - Drag fish Piscivore Otter
43%
The Island Knockout Herbivore Phiomia
43%
Scorched Earth Steal egg and raise baby Carnivore - Needs wyvern milk Poison Wyvern
43%
The Island Knockout Carnivore Pteranodon
43%
The Island Knockout Carnivore Purlovia
43%
Aberration Knockout Carnivore Ravager
43%
The Island Impregnation Carnivore Rhyniognatha
43%
Aberration Throw honey into its burrow Herbivore Roll Rat
43%
The Island Knockout Carnivore Sarcosuchus
43%
Aberration Passive Herbivore - Especially plant species Z seeds Shinehorn
43%
Extinction Knockout Carnivore Snow Owl
43%
The Island Knockout Carnivore - Especially cooked meats Thylacoleo
43%
The Island Knockout Passive Triceratops
43%
Scorched Earth Passive Carnivore - Especially spoiled meat Vulture
43%
The Island Knockout Herbivore Woolly Rhino
43%
Additions Knockout Carnivore Xiphactinus
43%
Aberration - Alpha Untameable N/A Alpha Karkinos
39%
Genesis Knockout - With explosives Carnivore Astrocetus
39%
Genesis Part 2 Passive - Pet and feed it Element Astrodelphis
39%
Aberration Drop Eggs Carnivore Basilisk
39%
Additions Approach it then stop when it notices you, wait for it to do positive gestures, then approach and let it steal beer from you Omnivore Deinotherium
39%
Extinction - Boss Destroy the corrupted nodes on its' body Cannot eat on regular server settings Desert Titan
39%
Fjordur Let it grab you and eat blood packs from your inventory Carnivore Desmodus
39%
Lost Island Passive - Beat it senseless first Omnivore Dinopithecus
39%
The Island Knockout Carnivore Diplocaulus
39%
The Island Knockout Herbivore Doedicurus
39%
The Island Passive Detritivore Dung Beetle
39%
Extinction Get blueprints from killing them then craft it Element or element dust Enforcer
39%
Extinction - Boss Destroy the corrupted nodes on its' body Cannot eat on regular server settings Forest Titan
39%
The Island Knockout Piscivore Ichthyornis
39%
The Island Passive Carnivore Ichthyosaurus
39%
Extinction Knockout Carnivore Managarmr
39%
The Island Knockout Carnivore - Especially rare flowers and rare mushrooms Microraptor
39%
The Island Knockout Carnivore Mosasaurus
39%
The Island Passive Carnivore Onyc
39%
The Island Knockout Carnivore Plesiosaur
39%
The Island Knockout Carnivore Quetzal
39%
Aberration Untameable N/A Reaper Queen
39%
The Island Passive - Rodeo Herbivore - Especially rockarrots Unicorn
39%
Extinction Knockout Carnivore Velonasaur
39%
Additions Passive Carnivore - Especially biotoxin Archelon
36%
Fjordur - Boss Untameable N/A Beyla
36%
Additions Annoy it until it goes onto its' hind legs then shoot them until it knocks out Herbivore Brachiosaurus
36%
The Island Knockout Carnivore Dimorphodon
36%
The Island Knockout Carnivore Dunkleosteus
36%
The Island Untameable N/A Eurypterid
36%
Aberration Passive Carnivore - Especially plant species Z seeds Featherlight
36%
Genesis Use element near it, then New Objective: Survive Element Ferox
36%
The Island Passive - Pet them Carnivore Hyaenodon
36%
The Island Passive Honey Liopleurodon
36%
Genesis Steal egg and raise baby Gasoline Magmasaur
36%
Genesis Lead parakeet fish schools over to it to clean its' shell Omnivore Megachelon
36%
Extinction Combine 4 meks using an MOMI Element Mega Mek
36%
Extinction Crafted at tek replicator Element Mek
36%
Genesis - Boss Untameable N/A Moeder
36%
Aberration Untameable N/A Nameless
36%
Ascended Give it the soul of a tame then fight off the vultures Herbivore - Only eats from plants that are planted on its' back Oasisaur
36%
The Island Knockout Herbivore Paraceratherium
36%
The Island Knockout Herbivore - Especially rare mushrooms Procoptodon
36%
Genesis Part 2 Hack into it with mutagel N/A Tek Stryder
36%
The Island Knockout Carnivore Terror Bird
36%
Scorched Earth Knockout Carnivore Thorny Dragon
36%
Scorched Earth - Alpha Untameable N/A Alpha Fire Wyvern
32%
Crystal Isles Passive Carnivore - Especially primal crystal Blood Crystal Wyvern
32%
Genesis - Boss Untameable N/A Corrupted Master Controller
32%
Crystal Isles - Boss Untameable N/A Crystal Wyvern Queen
32%
Lost Island - Boss Untameable N/A Dinopithecus King
32%
Fjordur - Boss Untameable N/A Fenrisulfr
32%
Extinction Knockout Herbivore Gasbags
32%
Aberration Untameable N/A Glowbug
32%
Fjordur - Boss Untameable N/A Hati & Skoll
32%
Scorched Earth Untameable N/A Jug Bug
32%
Genesis Part 2 Let it latch onto your tames Free will Noglin
32%
Aberration Untameable N/A Seeker
32%
Crystal Isles Passive - Must be chain bola'd Carnivore Tropeognathus
32%
The Island Untameable N/A Yeti
32%
Aberration - Alpha Untameable N/A Alpha Surface Reaper King
29%
The Island Knockout Carnivore Dimetrodon
29%
The Island Passive Carnivore - Especially bio toxin Electrophorus
29%
Ascended Blast it out of the ground, rodeo it into rocks until it knocks out Carnivore Fasolasuchus
29%
Aberration Untameable N/A Lamprey
29%
Scorched Earth Knockout Herbivore Lymantria
29%
Genesis Untameable N/A Parakeet Fish School
29%
Genesis Part 2 - Boss Untameable N/A Rockwell Prime
29%
Extinction Get blueprints from killing them then craft it Element or element dust Scout
29%
Lost Island Passive Chitin Sinomacrops
29%
Fjordur - Boss Untameable N/A Steinbjorn
29%
Additions Beat it until it roars then run up and feed it narcotic Carnivore Acrocanthosaurus
25%
Crystal Isles Passive Carnivore - Especially primal crystal Ember Crystal Wyvern
25%
Ragnarok - Miniboss Untameable N/A Ice Worm Queen
25%
Genesis Untameable N/A Insect Swarm
25%
Crystal Isles Passive Carnivore - Especially primal crystal Tropical Crystal Wyvern
25%
Crystal Isles - Alpha Untameable N/A Alpha Blood Crystal Wyvern
21%
The Island Knockout Carnivore Daedon
21%
Ragnarok - Miniboss Untameable N/A Lava Elemental
21%
Fjordur Untameable N/A Rubble Bear
21%
Genesis Part 2 Untameable N/A Summoner
21%
Aberration Untameable N/A Surface Reaper King
21%
Genesis Part 2 Lower health then rodeo it Carnivore - Especially mutagen Voidwyrm
21%
Additions Feed it ratfish treats then fight off the other creatures Carnivore Helicoprion
18%
Ragnarok Untameable N/A Polar Bear
18%
The Island Knockout Herbivore Casteroides
14%
Ragnarok - Miniboss Untameable N/A Spirit Dire Bear
11%
Ragnarok - Miniboss Untameable N/A Spirit Dire Wolf
11%
The Centre - Boss Untameable N/A Broodmother Lysrix & Megapithecus
4%
Ragnarok - Boss Untameable N/A Dragon & Manticore
4%
Fjordur Untameable N/A Beyla's Spawn
0%
The Island Untameable N/A Cnideria
0%
Crystal Isles Untameable N/A Crystal Wyvern Heir
0%
Valguero - Boss Untameable N/A Dragon, Megapithicus & Manticore
0%
No matching quizzes found
Score Distribution
Percent of People with Each Score
Percentile by Number Answered
Your Score History
You have not taken this quiz